000
00300nam a22001217a 4500
999
_c
527563
_d
527563
003
NUST
038
_a
waseem
082
_a
891.421
_b
SAF
100
_a
Safeer, Pritam Singh
_9
18897
245
_a
Paap dy Sawilay /
_c
Pritam Singh Safeer
260
_a
Lahore :
_b
Lahore Book Shop,
_c
1942.
942
_2
ddc
_c
BK